| 000 | 00691nam a22002297a 4500 | ||
|---|---|---|---|
| 005 | 20170124110045.0 | ||
| 010 | _aB-031768 | ||
| 020 |
_c175.00 _a8126010924 |
||
| 035 | _aB-031768 | ||
| 037 | _bCen Lib/Ret | ||
| 040 |
_aDPL _bEN |
||
| 082 |
_a808.8108 _bIND |
||
| 245 |
_aIndian poetry : _cedited by K. Satchidanandan _bmodernism and after : a seminar / |
||
| 246 | _b | ||
| 260 |
_bNew Delhi _aSahitya Akademi _c1998 |
||
| 270 |
_bDelhi _aRabindra Bhavan 35, Ferozrshah Road _e110001 |
||
| 300 |
_axviii,370p. _c21cm(Hb) |
||
| 650 |
_aPoetry _9107439 |
||
| 650 |
_aIndic poetry _923314 |
||
| 700 |
_aSatchidanandan, K. _919777 |
||
| 942 |
_2ddc _cEN _h808.8108 _mIND |
||
| 999 |
_c128781 _d128781 |
||